000 00675nam a22002297a 4500
001 89339
003 UA-OsUOA
005 20210202101358.0
007 ta
008 20121105b un ||||| |||| 00| 0 ukr d
040 _aUA-OsUOA
_bukr
_cUA-OsUOA
_dUA-OsUOA
041 _aukr
080 _a821.161.2
090 _a821.161.2
_bД-56
100 _aДобровольський С.
245 _aОчаківський розмір. Карасунський кут
_bісторичні романи
260 _aК.
_bДніпро
_c1984
300 _a646 с.
650 7 _a82 Література. Літературознавство
_2UDC
942 _cBK
_2udc
955 _a3
999 _c375621
_d375621